00757 2200253 4500001002100000005001500021035002000036007000300056008004100059020002200100082000800122084001400130100002900144245005900173250001000232300003500242500003700277650001500314700004100329264005900370336002100429337003000450338002300480INLIS00000000000027320231025010314 a0010-1023000054ta231025 0 ind  a978-602-427-115-2 a510 a510 BOR m0 aBornog SinagaePengarang1 aMatematika SMA/MA/SMK/MAK Kelas X /cBornog Sinaga,dkk acet 4 aviii, 224 hlm :bilus ;c25 cm aKurikulum 2013 Edisi Revisi 2017 4aMatematika0 aPardomuan N.J.M SinambelaePengarang aJakarta :bKementrian Pendidikan Dan Kebudayaan,c2017 2rdacontentateks 2rdamediaatanpa perantara 2rdacarrieravolume